Guess The NBA player by their Achievements - Statistics

General Stats
  • This quiz has been taken 37 times
  • The average score is 6 of 15
Answer Stats
Achievements Player % Correct
2x NBA champion 14x all star 1x MVP Kevin Durant
85%
1x NBA champion3x MVP 6x all star Nikola Jokic
73%
1x MVP5x NBA champion 18x all star Kobe Bryant
65%
1x MVP10x all star 1x sixth man of the year James Harden
50%
9x all star1x MVP 2x all NBA first ream Russell Westbrook
50%
2x MVP1x defensive player of the year 1x most improved player Giannis Antetokounmpo
42%
3x NBA champion3x MVP 12x all star Larry Bird
38%
3x defensive player of the year1x NBA champion 8x all star Dwight Howard
31%
2x all star2x defensive player of the year 5x NBA champion Dennis Rodman
27%
1x MVP2x defensive player of the year 2x NBA finals MVP Hakeem Olajuwon
27%
1x NBA champion1x MVP 14x all star Dirk Nowitzki
23%
2x MVP8x all star 3x all NBA first Team Steve Nash
23%
12x all star2x Olympic gold medallist 1x rookie of the year Chris Paul
19%
7x all star1x most improved player 2x NBA scoring champion Tracy McGrady
15%
2x Olympic gold medallist10x all star 2x all NBA first team John Stockton
4%
No matching quizzes found
Score Distribution
Percent of People with Each Score
Percentile by Number Answered
Your Score History
You have not taken this quiz